[Event "Bergen Sommer op"]
[Site "Bergen"]
[Date "2006.08.09"]
[Round "4"]
[White "Andersen, Guttorm"]
[Black "Havold, Even"]
[Result "0-1"]
[WhiteElo "1335"]
[BlackElo "1381"]
[PlyCount "136"]
[EventDate "2006.08.06"]
[EventType "swiss"]
[EventRounds "6"]
[EventCountry "NOR"]
[SourceTitle "EXT 2007"]
[Source "ChessBase"]
[SourceDate "2006.11.23"]
[SourceVersion "1"]
[SourceVersionDate "2006.11.23"]
[SourceQuality "1"]

1. d4 d5 2. c4 dxc4 3. e4 e5 4. Nf3 exd4 5. Qxd4 Qxd4 6. Nxd4 Nf6 7. Bxc4 Bc5 8. Nb5 Bb6 9. N1c3 a6 10. Na3 Ba5 11. f3 Nbd7 12. Bf4 0-0 13. 0-0 b5 14. Bd5 Bb6+ 15. Kh1 Ra7 16. Naxb5 axb5 17. Nxb5 Nxd5 18. Nxa7 Nxf4 19. Nc6 Bb7 20. Nb4 Ne5 21. a4 Nfd3 22. Nxd3 Nxd3 23. a5 Ba7 24. h3 Ba6 25. Rfb1 Bd4 26. Ra2 Rb8 27. g3 g6 28. Kg2 c5 29. b3 Bc3 30. Ra3 Nb4 31. Rd1 Bd4 32. Ra4 Be2 33. Rd2 Bb5 34. Ra3 Bc3 35. Rf2 Nd3 36. Rfa2 Bb4 37. a6 Bxa3 38. Rxa3 Ra8 39. a7 c4 40. Ra5 cxb3 41. Rxb5 Rxa7 42. Rxb3 Ra2+ 43. Kg1 Nc5 44. Rc3 Ne6 45. f4 Nd4 46. Rd3 Rd2 47. Ra3 Kg7 48. e5 h6 49. Re3 h5 50. Ra3 Re2 51. Kf1 Rb2 52. Rd3 Ne6 53. Re3 h4 54. gxh4 Nxf4 55. Rf3 Nh5 56. Re3 Rb4 57. Kg2 Rxh4 58. Kh2 Nf4 59. Re1 Rxh3+ 60. Kg1 Rh5 61. Re3 Rf5 62. Kh2 Kf8 63. Kg3 Nh5+ 64. Kg4 Ke7 65. Re4 Ke6 66. Ra4 Rf4+ 67. Rxf4 Nxf4 68. Kxf4 Kd5 0-1

[Event "Bergen Sommer op"]
[Site "Bergen"]
[Date "2006.08.07"]
[Round "2"]
[White "Nilsen, Joachim Birger"]
[Black "Havold, Even"]
[Result "1-0"]
[WhiteElo "1570"]
[BlackElo "1381"]
[PlyCount "65"]
[EventDate "2006.08.06"]
[EventType "swiss"]
[EventRounds "6"]
[EventCountry "NOR"]
[SourceTitle "EXT 2007"]
[Source "ChessBase"]
[SourceDate "2006.11.23"]
[SourceVersion "1"]
[SourceVersionDate "2006.11.23"]
[SourceQuality "1"]

1. Nf3 d5 2. d4 Nf6 3. c4 dxc4 4. e3 e6 5. Bxc4 c5 6. Nc3 a6 7. a4 Nc6 8. 0-0 cxd4 9. exd4 Be7 10. Be3 0-0 11. Qe2 Nb4 12. Rfd1 Nfd5 13. Ne5 Bf6 14. Rac1 b6 15. Ne4 Bb7 16. Nxf6+ Nxf6 17. Bg5 Nbd5 18. f3 Re8 19. Bxd5 Bxd5 20. Qd3 h6 21. Bh4 g5 22. Bg3 Ra7 23. Ng4 Nxg4 24. fxg4 Qa8 25. Qf1 f5 26. gxf5 exf5 27. Qxf5 Re6 28. Rf1 Qd8 29. Be5 Qe7 30. Qf8+ Kh7 31. Qh8+ Kg6 32. g4 Qh7 33. Rf6+ 1-0

[Event "Molde Rose Cup-B"]
[Site "Molde"]
[Date "2003.06.22"]
[Round "4"]
[White "Havold, Even"]
[Black "Aure, Alf Terje"]
[Result "1-0"]
[WhiteElo "1216"]
[BlackElo "932"]
[PlyCount "40"]
[EventDate "2003.06.??"]
[EventType "tourn"]
[EventRounds "5"]
[EventCountry "NOR"]
[SourceTitle "EXT 2006"]
[Source "ChessBase"]
[SourceDate "2005.11.24"]
[SourceVersion "1"]
[SourceVersionDate "2005.11.24"]
[SourceQuality "1"]

1. e4 e5 2. Nf3 Nf6 3. Nxe5 Nxe4 4. Qe2 d5 5. d3 Qf6 6. Nf3 Nc6 7. dxe4 Bg4 8. exd5+ Be7 9. dxc6 bxc6 10. Bg5 Qxg5 11. Nxg5 Bxe2 12. Nxf7 Kxf7 13. Bxe2 Bf6 14. c3 Rhe8 15. Nd2 Rad8 16. Nf3 Re4 17. Kf1 Rde8 18. Bd3 R4e6 19. Bc4 Kg6 20. Re1 Kf7 1-0

[Event "Molde Rose Cup-B"]
[Site "Molde"]
[Date "2003.06.21"]
[Round "1"]
[White "Havold, Even"]
[Black "Haug, Rune"]
[Result "1/2-1/2"]
[WhiteElo "1216"]
[BlackElo "1160"]
[PlyCount "64"]
[EventDate "2003.06.??"]
[EventType "tourn"]
[EventRounds "5"]
[EventCountry "NOR"]
[SourceTitle "EXT 2006"]
[Source "ChessBase"]
[SourceDate "2005.11.24"]
[SourceVersion "1"]
[SourceVersionDate "2005.11.24"]
[SourceQuality "1"]

1. e4 e5 2. Nf3 Nf6 3. Nxe5 d6 4. Nc4 Nxe4 5. Nc3 Nxc3 6. dxc3 d5 7. Ne3 c6 8. Bd3 Bd6 9. Bd2 0-0 10. Qh5 g6 11. Qf3 Re8 12. 0-0 Qc7 13. g3 Be6 14. Ng4 Bxg4 15. Qxg4 Nd7 16. f4 Nf6 17. Qf3 Ne4 18. Be3 b6 19. Rad1 Nxc3 20. Rde1 Ne4 21. f5 Bc5 22. fxg6 fxg6 23. Bxe4 Rxe4 24. Bxc5 Rxe1 25. Rxe1 bxc5 26. Qf6 Rf8 27. Re7 Rxf6 28. Rxc7 Rf7 29. Rxc6 Rb7 30. b3 c4 31. bxc4 d4 32. Rd6 Rb1+ 1/2-1/2